000 00434nam a2200181Ia 4500
001 4648
003 IN-NITTTR
005 20251114233001.0
008 251113s9999||||xx |||||||||||||| ||eng||
040 _beng
040 _cIN-NITTTR
041 _aeng
082 _a621.402 S22A
100 _aSneeden, J. B. O.
245 0 _aApplied heat for engineers. /
_cSneeden, J. B. O., Ker, S. V.
700 _a Ker, S. V.
942 _2ddc
_cBK
999 _c7284
_d7284